| 000 | 00909nam a22001337a 4500 | ||
|---|---|---|---|
| 040 | _cRUA | ||
| 082 | _aAVM MEN 2010 B093 Or.1 | ||
| 100 | _aMEN, DAVY. | ||
| 245 | _aStudy on growth rate of avian supplemented creeping water primrose ( ludwigia repens) on C.P concentrate at the animal experimental station at royal university of agriculture, សិក្សាលើការលូតលាស់របស់មាន់សាច់AVIANដោយបន្ថែមកំពីងពួយស្រស់លើចំណីក្រុមហ៊ុនស៊ីភីក្នុងស្ថានីយ៍ពិសោធន៍សត្វនាំសាកលវិទ្យាល័យភូមិន្ទកសិកមុ | ||
| 260 |
_aPhnom Penh _bRUA _c2010 |
||
| 300 |
_axiii; 36p. _bill. _c29cm. |
||
| 856 | _uhttps://drive.google.com/file/d/1oOiUAIaNPyZoJrB4pqwHROeIFd-ftByB/view?usp=sharing | ||
| 942 | _cAVM | ||
| 999 |
_c2369 _d2369 |
||